000 nam a22 a 4500
999 _c4299
_d4299
003 AKMAL
005 20170526160356.0
008 170519t1997 cc g 001 0 eng d
020 _a0717297381 (hbk.)
040 _aAKMAL
082 0 4 _a658.45 DOB
_222
090 0 0 _a658.45
_bDOB
100 1 _aDobson, Ann
_98377
245 1 0 _aHow to communicate at work :
_bmaking a success of your working relationships /
_c[Ann Dobson]
250 _aDeluxe ed.
260 _aHong Kong :
_bGrolier Intl.Inc.,
_cc1995
300 _a166p. ;
_c24cm.
490 1 _aGrolier business library
504 _aIncludes bibliographical references and index
650 1 0 _aCommunication in management
_92708
650 2 0 _aInterpersonal communication
_91169
650 2 0 _aBusiness communication
_91235
830 0 _aGrolier business library
_98353
942 _2ddc
_cBOOK
950 _lAKMAL